Statistics for Foods that Start with D

Click here to take the quiz!

General Stats

  • This quiz has been taken 55,250 times
    (2,779 since last reset)
  • The average score is 7 of 10

Answer Stats

Answer% Correct
Doughnut
100%
Doritos
90%
Date
89%
Deviled Egg
82%
Dill
70%
Dijon
65%
Durian
51%
Doner Kebab
51%
Daikon
32%
Danish
26%

Score Distribution

Percentile by Number Answered

Percent of People with Each Score

Your Score History

You have not taken this quiz since the last reset